موسوعة اليهود واليهودية والصهيونية : (Record no. 5940)

MARC details
000 -الفاتح
حقل البيانات ثابتة الطول 01158nac a22003011i 4500
003 - محدد رقم الضبط
رقم الضبط EG-ScBUE
005 - وقت وتاريخ اخر تعامل مع التسجيلة
رقم الضبط 20240716123645.0
008 - عناصر البيانات ثابتة الطول - معلومات عامة
حقل البيانات ثابتة الطول 100721s2005 ua f 00010 cara d
020 ## - الرقم الدولى المعيارى للكتب
الرقم الدولى المعيارى للكتاب 9770909084
040 ## - مصدر الفهرسة
وكالة الفهرسة الأصلية EG-ScBUE
لغة الفهرسة ara
قواعد الوصف rda
وكالة النسخ EG-ScBUE
وكالة التعديل EG-ScBUE
082 04 - رقم تصنيف ديوى العشرى
رقم التصنيف 956.903
رقم المادة م س ي
رقم الطبعة 22
100 1# - المدخل الرئيسى - إسم شخصى
الإسم الشخصى مسيري، عبد الوهاب‏،
التواريخ المصاحبة للاسم 1938-2008‏،
الدور مؤلف.
245 10 - بيان العنوان
العنوان موسوعة اليهود واليهودية والصهيونية :
بقية العنوان الموسوعة الموجزة في جزأين /
بيان المسئوليه,etc عبد الوهاب المسيري.
250 ## - بيان الطبعة
بيان الطبعة الطبعة الثانية.
264 #1 - النشر، التوزيع
مكان الناشر او الموزع القاهرة :
اسم الناشر او الموزع دار الشروق،
تاريخ النشر أو التوزيع 2005.
300 ## - الوصف المادى
التعداد 2 مجلد ؛
أبعاد الوعاء 24 سم
336 ## - نوع المحتوى
source rdacontent
Carrier Type Term نص
Content Type Code txt
337 ## - نوع الوسيط
Media Type Term بدون وسيط
source rdamedia
Media Type Code n
338 ## - نوع الحامل أو الناقل
Carrier Type Term مجلد
Carrier Type Code nc
source rdacarrier
500 ## - تبصرة عامة
تبصرة عامة يشتمل علي كشاف.
541 ## - تبصرة المصدر المباشر للتزويد
مصدر التزويد ألف باء؛
طريقة التزويد شراء؛
650 #7 - المدخل الاضافى بالموضوع-مصطلح موضوعى
مصطلح موضوعي أو اسم جغرافي كعنصر مدخل اليهود
التقسيم الفرعي الشكلي تراجم.
مصدر الرأس أو المصطلح BUEsh
9 (RLIN) 16891
650 #7 - المدخل الاضافى بالموضوع-مصطلح موضوعى
مصطلح موضوعي أو اسم جغرافي كعنصر مدخل اليهود
التقسيم الفرعي العام تاريخ.
مصدر الرأس أو المصطلح BUEsh
9 (RLIN) 14891
650 #7 - المدخل الاضافى بالموضوع-مصطلح موضوعى
مصطلح موضوعي أو اسم جغرافي كعنصر مدخل اليهودية.
مصدر الرأس أو المصطلح BUEsh
9 (RLIN) 8345
650 #7 - المدخل الاضافى بالموضوع-مصطلح موضوعى
مصطلح موضوعي أو اسم جغرافي كعنصر مدخل الصهيونية.
مصدر الرأس أو المصطلح BUEsh
9 (RLIN) 13307
655 ## - مصطلح تكشيفى-نوع/شكل
التقسيم الفرعي الشكلي Reading book
942 ## - عناصر المدخل الإضافي( كوها)
Koha [default] item type Book - Borrowing
مصدر التصنيف او مخطط الترفيف Dewey Decimal Classification
Holdings
حالة التراجع حالة الفقد مصدر التصنيف او خطة الترفيف حالة تلف ليس للاعارة مجموعات كوها المكان الدائم المكان الحالي موقع الترفيف تاريخ الاكتساب Source of acquisition رقم الاستدعاء الباركود Date last seen مُعار نوع الوعاء تبصرة عامة
    Dewey Decimal Classification     Alef-Baa Central Library Central Library Second Floor 28/07/2010 Purchase 956.903 م س ي 000007597 15/07/2025 18/12/2023 Book - Borrowing مج2